Toutes les communes des Deux-Sèvres sur une carte - Statistiques

Statistiques générales
  • Ce quiz a été pris 933 fois
    54 depuis la dernière actualisation
  • Le résultat moyen est 58 sur 252
Réponses sur la Carte
Les réponses sont colorées sur une échelle allant du rouge au vert en fonction du pourcentage des utilisateurs qui les ont devinées à leur premier essai. Vous pouvez retrouver ces pourcentages ci-dessous.
 
Statistiques - réponses
Ville % Correct
Niort
95%
Parthenay
88%
Bressuire
83%
Saint-Maixent-de-Beugné
71%
Saint-Maixent-l'École
71%
Thouars
71%
Melle
68%
Airvault
56%
Mauléon
54%
Celles-sur-Belle
51%
Chauray
49%
Échiré
46%
La Crèche
46%
Saint-Jean-de-Thouars
46%
Saint-Martin-de-Bernegoue
46%
Saint-Martin-de-Mâcon
46%
Saint-Martin-de-Saint-Maixent
46%
Saint-Martin-de-Sanzay
46%
Saint-Martin-du-Fouilloux
46%
Chef-Boutonne
44%
Coulon
44%
Coulonges-sur-l'Autize
44%
Coulonges-Thouarsais
44%
Mauzé-sur-le-Mignon
44%
Moncoutant-sur-Sèvre
44%
Faye-l'Abbesse
41%
Faye-sur-Ardin
41%
Mazières-en-Gâtine
41%
Saint-Pierre-des-Échaubrognes
41%
Beaulieu-sous-Parthenay
39%
Cerizay
39%
Nueil-les-Aubiers
39%
Saint-Aubin-du-Plain
39%
Saint-Aubin-le-Cloud
39%
Secondigny
39%
Vasles
39%
Aiffres
37%
Bessines
37%
Champdeniers-Saint-Denis
37%
La Chapelle-Saint-Laurent
37%
Sainte-Eanne
37%
Saint-Germain-de-Longue-Chaume
37%
Saint-Jacques-de-Thouars
37%
Argentonnay
34%
Azay-le-Brûlé
34%
Azay-sur-Thouet
34%
Chiché
34%
La Forêt-sur-Sèvre
34%
Lezay
34%
Pamproux
34%
Sainte-Soline
34%
Saint-Hilaire-la-Palud
34%
Saint-Paul-en-Gâtine
34%
Sauzé-entre-Bois
34%
Vouillé
34%
Chizé
32%
Frontenay-Rohan-Rohan
32%
L'Absie
32%
La Mothe-Saint-Héray
32%
Largeasse
32%
Neuvy-Bouin
32%
Saint-Varent
32%
Saint-Vincent-la-Châtre
32%
Boismé
29%
Brioux-sur-Boutonne
29%
Clessé
29%
Fors
29%
Ménigoute
29%
Plaine-et-Vallées
29%
Pougne-Hérisson
29%
Saint-André-sur-Sèvre
29%
Saint-Christophe-sur-Roc
29%
Sainte-Verge
29%
Saint-Rémy
29%
Aigondigné
27%
Amailloux
27%
Beauvoir-sur-Niort
27%
Châtillon-sur-Thouet
27%
Exireuil
27%
Saint-Amand-sur-Sèvre
27%
Saint-Georges-de-Noisné
27%
Saint-Georges-de-Rex
27%
Saint-Symphorien
27%
Augé
24%
Cherveux
24%
Cirières
24%
François
24%
Le Pin
24%
Le Tallud
24%
Nanteuil
24%
Pompaire
24%
Prahecq
24%
Rom
24%
Saint-Léger-de-Montbrun
24%
Saint-Loup-Lamairé
24%
Saint-Marc-la-Lande
24%
Soudan
24%
Trayes
24%
Villiers-en-Bois
24%
Villiers-en-Plaine
24%
Villiers-sur-Chizé
24%
Adilly
22%
Allonne
22%
Ardin
22%
Assais-les-Jumeaux
22%
Chey
22%
Combrand
22%
Cours
22%
Fenioux
22%
Louzy
22%
Pamplie
22%
Pierrefitte
22%
Saint-Cyr-la-Lande
22%
Saint Maurice Étusson
22%
Thénezay
22%
Val en Vignes
22%
Vernoux-en-Gâtine
22%
Vernoux-sur-Boutonne
22%
Vouhé
22%
Voulmentin
22%
Bretignolles
20%
Chanteloup
20%
Fénery
20%
Fressines
20%
Geay
20%
La Chapelle-Bâton
20%
La Ferrière-en-Parthenay
20%
Lageon
20%
La Petite-Boissière
20%
Les Forges
20%
Luché-sur-Brioux
20%
Luché-Thouarsais
20%
Magné
20%
Montravers
20%
Sainte-Néomaye
20%
Saint-Gelais
20%
Saint-Maxire
20%
Arçais
17%
Brion-près-Thouet
17%
Chenay
17%
Courlay
17%
Genneton
17%
Germond-Rouvre
17%
Granzay-Gript
17%
La Peyratte
17%
Le Vanneau-Irleau
17%
Loretz-d'Argenton
17%
Louin
17%
Marigny
17%
Marnes
17%
Périgné
17%
Saint-Généroux
17%
Saivres
17%
Sansais
17%
Verruyes
17%
Viennay
17%
Xaintray
17%
Beaussais-Vitré
15%
Béceleuf
15%
Bougon
15%
Clavé
15%
Exoudun
15%
Fomperron
15%
La Chapelle-Bertrand
15%
Le Retail
15%
Le Vert
15%
Luzay
15%
Melleran
15%
Pas-de-Jeu
15%
Romans
15%
Sainte-Ouenne
15%
Saint-Lin
15%
Saint-Pardoux-Soutiers
15%
Salles
15%
Sepvret
15%
Souvigné
15%
Vautebis
15%
Beugnon-Thireuil
12%
Épannes
12%
Glénay
12%
Gourgé
12%
Le Busseau
12%
Les Fosses
12%
Les Groseillers
12%
Lhoumois
12%
Lorigné
12%
Oroux
12%
Paizay-le-Chapt
12%
Plaine-d'Argenson
12%
Prin-Deyrançon
12%
Puihardy
12%
Scillé
12%
Secondigné-sur-Belle
12%
Séligné
12%
Tourtenay
12%
Val-du-Mignon
12%
Vançais
12%
Vausseroux
12%
Alloinay
10%
Aubigné
10%
Availles-Thouarsais
10%
Avon
10%
Boussais
10%
Brûlain
10%
Chérigné
10%
Ensigné
10%
La Boissière-en-Gâtine
10%
La Chapelle-Pouilloux
10%
Le Bourdet
10%
Le Chillou
10%
Limalonges
10%
Loubigné
10%
Loubillé
10%
Maisontiers
10%
Messé
10%
Prailles-La Couarde
10%
Reffannes
10%
Sainte-Gemme
10%
Saint-Germier
10%
Saint-Laurs
10%
Saint-Pompain
10%
Saint-Romans-des-Champs
10%
Saint-Romans-lès-Melle
10%
Saurais
10%
Amuré
7%
Asnières-en-Poitou
7%
Aubigny
7%
Couture-d'Argenson
7%
Doux
7%
Fontenille-Saint-Martin-d'Entraigues
7%
Irais
7%
La Rochénard
7%
Les Châteliers
7%
Lusseray
7%
Mairé-Levescault
7%
Maisonnay
7%
Sciecq
7%
Surin
7%
Valdelaume
7%
Vanzay
7%
Villefollet
7%
Brieuil-sur-Chizé
5%
Clussais-la-Pommeraie
5%
Fontivillié
5%
Juillé
5%
Juscorps
5%
La Foye-Monjault
5%
Marcillé
5%
Pressigny
5%
Saint-Coutant
5%
Vallans
5%
Villemain
5%
Aucun quiz correspondant
Distribution des résultats
% des personnes avec chaque résultat
Percentile par nombre de réponses
Votre historique - résultats
Vous n’avez pas pris ce quiz depuis la dernière actualisation